Georgia Country Quiz - Statistics

General Stats
  • This quiz has been taken 192 times
  • The average score is 5 of 11
Answer Stats
Hint Answer % Correct
Capital Tbilisi
99%
Third largest city Batumi
70%
Currency Lari
64%
Second largest Kutaisi
53%
Capital of Abkhazia Sokhumi
48%
Above is in what region famous for stone towers? Svaneti
41%
Above is on what river Kura River
36%
Above is on what river? Rioni River
36%
Capital of South Ossetia Tskhinvali
34%
#5 is the capital of what region in the southwest Adjar(a)
29%
Highest Point Mt. Shkhara
29%
No matching quizzes found
Score Distribution
Percent of People with Each Score
Percentile by Number Answered
Your Score History
You have not taken this quiz